Statistics for Biggest Cities of the Mexican Cession and Texas in 1850 with a Map

Click here to take the quiz!

General Stats

  • This quiz has been taken 88 times
  • The average score is 12 of 38

Answers on the Map

Answers color-coded by a green-red scale on the quiz's map according to % correct below.
 

Answer Stats

PopulationState / TerritoryCity% Correct
25,000CaliforniaSan Francisco
100%
6,820CaliforniaSacramento
97%
2,396TexasHouston
96%
1,610CaliforniaLos Angeles
96%
3,488TexasSan Antonio
92%
4,846New MexicoSanta Fe
89%
4,000CaliforniaSan Jose
80%
4,658UtahSalt Lake City
76%
4,177TexasGalveston
69%
2,400CaliforniaStockton
54%
1,092CaliforniaMonterey
41%
1,550New MexicoLas Vegas
28%
1,298TexasNew Braunfels
28%
1,189TexasMarshall
15%
2,008New MexicoSan Miguel del Vado
15%
5,623CaliforniaPlacerville
14%
2,683CaliforniaNevada City
13%
1,000CaliforniaSan Andreas
11%
5,000CaliforniaSonora
11%
5,000CaliforniaColumbia
10%
1,500CaliforniaJackson
10%
5,000CaliforniaJamestown
10%
2,196New MexicoLa Cuesta
10%
1,500CaliforniaMarysville
10%
15,000CaliforniaMokelumne Hill
10%
3,000CaliforniaSierra City
10%
2,000CaliforniaSpringfield
10%
1,320New MexicoTecolote
10%
1,302CaliforniaAuburn
8%
1,500CaliforniaCamanche
8%
5,000CaliforniaDownieville
8%
1,200CaliforniaMurphy's Camp
8%
1,000CaliforniaVolcano
8%
3,000CaliforniaForbestown
7%
1,500CaliforniaMichigan Bar
7%
3,000CaliforniaNew Almaden
7%
10,000CaliforniaTexas Flat
7%
1,294New MexicoZuni Pueblo
7%

Score Distribution

Percentile by Number Answered

Percent of People with Each Score

Your Score History

You have not taken this quiz